书目信息 |
| 题名: |
高等数学学习指导(第二册)
|
|
| 作者: | 郭文秀 , 唐铸文 主编 | |
| 分册: | ||
| 出版信息: | 武汉 华中工学院出版社 2002.09 |
|
| 页数: | 187页 | |
| 开本: | 20cm | |
| 丛书名: | ||
| 单 册: | ||
| 中图分类: | O13-44 | |
| 科图分类: | ||
| 主题词: | 高等数学 | |
| 电子资源: | ||
| ISBN: | 7-5609-2811-0 | |
| 000 | 00633nam0 2200205 45 | |
| 001 | 0436032682 | |
| 005 | 2004042210003222 | |
| 010 | @a7-5609-2811-0@dCNY 8.80 | |
| 100 | @a20040422d2002 km y0chiy0120 ea | |
| 101 | 0 | @achi |
| 102 | @aCN@b420000 | |
| 200 | 1 | @a高等数学学习指导(第二册)@AGao Deng Shu Xue Xue Xi Zhi Dao(Di Er Ce)@f郭文秀,唐铸文主编@FGuo Wen Xiu,Tang Zhu Wen Zhu Bian |
| 210 | @a武汉@c华中工学院出版社@d2002.09 | |
| 215 | @a187页@d20cm | |
| 606 | 0 | @a高等数学 |
| 690 | @aO13-44@v3 | |
| 701 | 0 | @a郭文秀@AGuo Wen Xiu@4主编 |
| 701 | 0 | @a唐铸文@ATang Zhu Wen@4主编 |
| 801 | 0 | @aCN@bPFT@c20040422 |
| 905 | @dO13-44@eG847:2 | |
| 高等数学学习指导(第二册)/郭文秀,唐铸文主编.-武汉:华中工学院出版社,2002.09 |
| 187页;20cm |
| ISBN 7-5609-2811-0:CNY 8.80 |
| ● |
| 相关链接 |
|
|
|
正题名:高等数学学习指导(第二册)
索取号:O13-44/G847:2
 
预约/预借
| 序号 | 登录号 | 条形码 | 馆藏地/架位号 | 状态 | 备注 |
| 1 | 379364 | 203793644 | 自科库401/401自科库 39排1列1层/ [索取号:O13-44/G847:2] | 在馆 | |
| 2 | 379365 | 203793653 | 自科库401/401自科库 39排1列1层/ [索取号:O13-44/G847:2] | 在馆 | |
| 3 | 379366 | 203793662 | 自科库401/ [索取号:O13-44/G847:2] | 在馆 |